000
00318nam a22001217a 4500
003
SGT
082
_a
080
_b
B08M
100
_a
मोइली, एम. वीरप्पा
245
_a
भारत सरकार
260
_b
विज्ञानं एनैक्स
_c
2008
300
_a
259
942
_2
ddc
_c
BK
999
_c
31446
_d
31446